000 01128nam a22002657a 4500
005 20090121151350.0
008 090121t xxu||||| |||| 00| 0 hin d
010 _aHIN-93820
020 _c295.00
_a8188466387
035 _aHN-66166
037 _bDBAD /PUB
040 _aDPL
_bHN
082 _a921
100 _933818
_aमिश्र, विनोद कुमार
245 _aमहान् तत्त्वज्ञानीःअष्टावक्र /
_cविनोद कुमार मिश्र
246 _amahaan tatvagyani Ashtavakra
_bby Vinod Kumar Mishra
260 _aदिल्ली
_bअमरसत्य प्रकाशन
_c2011
270 _a109, ब्लॉक बी, प्रीत विहार
_bदिल्ली
_e110092
300 _a216पृ.
_c22सेमी (सजिल्द)
650 _9697
650 _933922
700 _933853
942 _2ddc
_cHN
_mमिश्रवि
_h921
999 _c56127
_d56127